La Funicolare Centrale al Vomero / Ing. Nicola Bareggi
Descripción Física:
11 p. : gràf. ; 31 cm
Materias:
Funiculars -- Nàpols
MARC
| LEADER | 00000nam a2200000Ia 4500 | ||
|---|---|---|---|
| 001 | 22755 | ||
| 008 | 160829s1928 xx 000 0 cat d | ||
| 080 | |a RF-17-4 | ||
| 100 | |a Bareggi, Nicola |9 47774 | ||
| 245 | |a La Funicolare Centrale al Vomero / Ing. Nicola Bareggi | ||
| 260 | |a [Milan : |b Ceretti & Tanfani, S. A.], |c 1928 | ||
| 300 | |a 11 p. : |b gràf. ; |c 31 cm | ||
| 590 | |a Separata de: L'Ingegnere, Rivista Tecnica del Sindicato Nazionale Fascista Ingegneri, vol. 2, núm. 12 (1928). | ||
| 590 | |a Prové de Q-501. | ||
| 590 | |a En mal estat de conservació | ||
| 650 | |a Funiculars |x Nàpols |9 47771 | ||
| 856 | 4 | |u https://media.diba.cat/diba/fitxers/arxiu/fulletons/bib_22755_1928_baixa.pdf |y Accés lliure | |
| 856 | 4 | |u https://media.diba.cat/diba/fitxers/arxiu/fulletons/bib_22755_1928_baixa.pdf |y Accés lliure | |
| 901 | |a Arxiu | ||
| 942 | |n 1 |2 udc | ||
| 952 | |0 0 |1 0 |4 0 |6 RF174 |7 1 |9 54092 |a Arxiu |b Arxiu |d 2016-12-01 |l 0 |o RF-17-4 |p 22755 |r 2016-12-01 00:00:00 |w 2016-12-01 |y ARXIU | ||
| 999 | |c 57960 |d 57960 | ||
| 900 | |a bib_22755_1928_baixa.pdf | ||